Computing for Engineers. A problem solving approach to programming in Pascal /

Uložené v:
Podrobná bibliografia
Hlavný autor: Grant, Clive (Autor)
Médium: Kniha
Jazyk:English
Vydavateľské údaje: New York : Prentice Hall, 1989
Tagy: Pridať tag
Žiadne tagy, Buďte prvý, kto otaguje tento záznam!

MARC

LEADER 00000nam a22000003a 4500
001 stu31200
005 20150617225701.2
008 941014s1989----uk------------------eng-d
020 |a 0-13-162546-2 
040 |a STU  |b slo 
041 0 |a eng 
044 |a uk 
080 |a 681.3.066 
100 1 |a Grant, Clive  |4 aut 
245 1 |a Computing for Engineers. A problem solving approach to programming in Pascal /  |c [aut.] Grant,Clive 
260 |a New York :  |b Prentice Hall,  |c 1989 
300 |a 364 s 
996 |b J90787  |c J*90787  |l JJST  |s P  |a 0  |w stu31200_0001